00550nam a2200205Ia 4500003000400000005001700004008004100021020001800062040001800080041000800098082002100106100002300127245004300150250001200193260005000205300002700255650002400282650001600306650002200322OSt20240628143532.0210716s2017 xx 000 0 und d a9789352770144 cAIMIT LIBRARY aeng a374.22 21bRAJR aRajan, Raghuram G. aI do what i do /cBy Raghuram G Rajan. a1st ed. aNew Delhi ;bThomson Press India Ltd ,c2017. axvi,325p. ;bPBc24 cm aFinancial inclusion aRBI matters aOccasional pieces